[Event "DRUGA LIGA SRBIJE-GRUPA VOJVODINA 2018"]
[Site "Novi Sad"]
[Date "2018.11.09"]
[Round "1.4"]
[White "Roganovic, Nebojsa"]
[Black "Besedes, Danilo"]
[Result "1/2-1/2"]
[WhiteElo "2141"]
[BlackElo "2290"]
[PlyCount "231"]
[EventDate "2018.11.09"]
[WhiteTeam "SOMBORSKI S.K.-SOMBOR"]
[BlackTeam "S.K. NAFTAGAS-ELEMIR"]

1. e4 c6 2. d4 d5 3. exd5 cxd5 4. Nf3 Nc6 5. c3 Qc7 6. Bg5 Bf5 7. Nbd2 e6 8.
Qa4 Be7 9. Bxe7 Ngxe7 10. Ne5 O-O 11. Nxc6 bxc6 12. Be2 e5 13. O-O exd4 14.
cxd4 Rfb8 15. Qa3 a5 16. Qc3 Qb6 17. b3 Qb4 18. Rac1 Qxc3 19. Rxc3 Rb4 20. Nf3
f6 21. a3 Rb7 22. Rfc1 g5 23. Nd2 Kf7 24. g4 Bd7 25. h3 Ng6 26. Bf3 Nf4 27. Kh2
Re8 28. Re3 Ne6 29. Rd3 Re7 30. Re1 Kf8 31. Bd1 Be8 32. Nf3 Nf4 33. Rde3 h5 34.
Bc2 h4 35. Ng1 Rxe3 36. fxe3 Bg6 37. Bxg6 Nxg6 38. Rb1 Re7 39. Re1 Nf4 40. Nf3
Nd3 41. Re2 Kg7 42. Kg1 Nc1 43. Re1 Nxb3 44. a4 c5 45. dxc5 Nxc5 46. Nd4 Kf7
47. Nf5 Rd7 48. Rb1 Ke6 49. Rb5 Nxa4 50. Rxa5 Nc3 51. Kf2 Ne4+ 52. Kg2 Rb7 53.
Nd4+ Kd6 54. Ra6+ Kd7 55. Ra5 Rb2+ 56. Kg1 Kd6 57. Ra6+ Kd7 58. Ra7+ Ke8 59.
Ra8+ Kd7 60. Ra7+ Kc8 61. Ra8+ Kb7 62. Ra5 Nc3 63. Rc5 Ne2+ 64. Nxe2 Rxe2 65.
Rxd5 Rxe3 66. Kg2 Kc6 67. Rd8 Re2+ 68. Kg1 Re6 69. Kg2 Rd6 70. Re8 Rd2+ 71. Kg1
Kd7 72. Re3 Rd5 73. Kf2 Kd6 74. Re8 Kd7 75. Re3 Re5 76. Ra3 Rc5 77. Re3 Kd6 78.
Rd3+ Rd5 79. Rf3 Ke6 80. Re3+ Re5 81. Ra3 Rc5 82. Re3+ Kd5 83. Rd3+ Ke6 84.
Re3+ Kf7 85. Ra3 Rc2+ 86. Kg1 Rd2 87. Ra6 Ke7 88. Ra3 Ke6 89. Re3+ Kd6 90. Re8
Rd4 91. Kg2 Kd5 92. Rd8+ Ke5 93. Re8+ Kd5 94. Rd8+ Ke4 95. Re8+ Kf4 96. Re2 Rd6
97. Rf2+ Ke3 98. Rf3+ Ke4 99. Rf5 Rd2+ 100. Kg1 Rd3 101. Kg2 Rg3+ 102. Kh2 Rf3
103. Ra5 Rf2+ 104. Kg1 Rd2 105. Rf5 Rd6 106. Kg2 Ke3 107. Rf3+ Ke4 108. Rf5 Rc6
109. Rf2 Rd6 110. Rf5 Rb6 111. Rf2 Ra6 112. Re2+ Kd3 113. Rf2 Re6 114. Rf3+ Kd2
115. Rf5 Re2+ 116. Kg1 1/2-1/2

[Event "DRUGA LIGA SRBIJE-GRUPA VOJVODINA 2018"]
[Site "Novi Sad"]
[Date "2018.11.09"]
[Round "1.5"]
[White "Lorinc, Sandor"]
[Black "Obodchuk, Andrei"]
[Result "1-0"]
[WhiteElo "2157"]
[BlackElo "2319"]
[PlyCount "89"]
[EventDate "2018.11.09"]
[WhiteTeam "S.K. SENTA-SENTA"]
[BlackTeam "S.K. BUDUCNOST-SRPSKA CRNJA"]

1. d4 Nf6 2. Nf3 g6 3. Bf4 Bg7 4. e3 d6 5. c4 O-O 6. Nc3 c5 7. dxc5 dxc5 8. Nb5
Na6 9. Qb3 Qa5+ 10. Nc3 Ne4 11. Be5 Bxe5 12. Nxe5 Nxc3 13. bxc3 Be6 14. a4 f6
15. Nf3 b5 16. Nd2 Rab8 17. Qa3 b4 18. Nb3 Qc7 19. Qc1 Qe5 20. cxb4 Nxb4 21. f4
Qf5 22. Kf2 Rfd8 23. Na5 Qe4 24. Ra3 Bg4 25. Kg3 Rd1 26. Qb2 Bf5 27. h3 Rbd8
28. Qf2 R8d2 29. Qf3 Qxf3+ 30. gxf3 Rb2 31. Rb3 Ra2 32. Nb7 Bc2 33. Rc3 Raa1
34. Kf2 Bd3 35. Bxd3 Rxh1 36. Nxc5 Ra2+ 37. Kg3 Rg1+ 38. Kh4 Rh2 39. Ne4 h6 40.
Ng3 g5+ 41. fxg5 hxg5+ 42. Kg4 Nxd3 43. Rxd3 Rhg2 44. Kf5 Rxg3 45. Kg6 1-0

[Event "DRUGA LIGA SRBIJE-GRUPA VOJVODINA 2018"]
[Site "Novi Sad"]
[Date "2018.11.09"]
[Round "1.5"]
[White "Nadj Hedjesi, Balind"]
[Black "Balla, Tamas-Kristof"]
[Result "1/2-1/2"]
[WhiteElo "2276"]
[BlackElo "2318"]
[PlyCount "23"]
[EventDate "2018.11.09"]
[WhiteTeam "S.K. BUDUCNOST-SRPSKA CRNJA"]
[BlackTeam "S.K. SENTA-SENTA"]

1. e4 c5 2. Ne2 e6 3. d4 cxd4 4. Nxd4 a6 5. Bd3 Bc5 6. Nb3 Ba7 7. Qg4 Nf6 8.
Qh4 d6 9. Nc3 Nc6 10. Bg5 h6 11. Bd2 b5 12. f4 1/2-1/2

[Event "DRUGA LIGA SRBIJE-GRUPA VOJVODINA 2018"]
[Site "Novi Sad"]
[Date "2018.11.09"]
[Round "1.5"]
[White "Kopasz, Robert"]
[Black "Rikalovic, Dimitrije"]
[Result "1-0"]
[WhiteElo "2320"]
[BlackElo "2031"]
[PlyCount "105"]
[EventDate "2018.11.09"]
[WhiteTeam "S.K. SENTA-SENTA"]
[BlackTeam "S.K. BUDUCNOST-SRPSKA CRNJA"]

1. c4 Nf6 2. Nc3 e5 3. g3 Nc6 4. Bg2 Bc5 5. a3 a5 6. e3 O-O 7. Nge2 Re8 8. O-O
Bf8 9. h3 h6 10. b3 d6 11. d4 Rb8 12. Bb2 Bd7 13. Rc1 Ne7 14. Qc2 Qc8 15. Kh2
Ng6 16. Nd5 Nh7 17. f4 exf4 18. Nexf4 Nxf4 19. Rxf4 Qd8 20. e4 c6 21. Ne3 Be7
22. Rcf1 Bg5 23. R4f3 d5 24. cxd5 Bxe3 25. dxc6 bxc6 26. Rxe3 Ng5 27. h4 Ne6
28. Ref3 f6 29. e5 fxe5 30. dxe5 Re7 31. Qc4 Qb6 32. Rd1 Qb5 33. Bf1 Qxc4 34.
Bxc4 Rbe8 35. a4 Bc8 36. Ba3 Rf7 37. Rxf7 Kxf7 38. Rd6 Kg6 39. Rxc6 Kf5 40. Bd6
Nd4 41. Bd3+ Ke6 42. Rc1 Nf3+ 43. Kg2 Nxe5 44. Bxe5 Bb7+ 45. Kf2 Rd8 46. Ke3
Kxe5 47. Rc5+ Rd5 48. Rc7 Ba8 49. Rxg7 Rc5 50. Rg6 Bd5 51. Rxh6 Rc3 52. Rh5+
Kd6 53. Kd4 1-0

[Event "DRUGA LIGA SRBIJE-GRUPA VOJVODINA 2018"]
[Site "Novi Sad"]
[Date "2018.11.09"]
[Round "1.5"]
[White "Adamovic, Sasa"]
[Black "Simonyi, Zoltan"]
[Result "1/2-1/2"]
[WhiteElo "1904"]
[BlackElo "2208"]
[PlyCount "86"]
[EventDate "2018.11.09"]
[WhiteTeam "S.K. BUDUCNOST-SRPSKA CRNJA"]
[BlackTeam "S.K. SENTA-SENTA"]

1. e4 Nf6 2. e5 Nd5 3. d4 d6 4. Nf3 Bg4 5. Be2 e6 6. O-O Be7 7. c4 Nb6 8. Nc3
O-O 9. Be3 Nc6 10. exd6 cxd6 11. b3 Re8 12. Qd2 d5 13. c5 Nc8 14. b4 Bf6 15.
Rfd1 N8e7 16. h3 Bxf3 17. Bxf3 Nxb4 18. Nb5 Nbc6 19. Nd6 Rf8 20. Nxb7 Qd7 21.
Nd6 Rfb8 22. Rab1 h6 23. Bh5 Nd8 24. Rb3 Rxb3 25. axb3 a5 26. Ra1 Nec6 27. Be2
e5 28. Ra4 exd4 29. Bxd4 Nxd4 30. Rxd4 Bxd4 31. Qxd4 Ne6 32. Qxd5 Rc8 33. Bb5
Qd8 34. Be8 Rxc5 35. Bxf7+ Kh8 36. Qxe6 Rc1+ 37. Kh2 Rc6 38. Qe8+ Qxe8 39. Nxe8
Rb6 40. Bc4 Rb7 41. Nd6 Rb4 42. Bf7 a4 43. bxa4 Rxa4 1/2-1/2

[Event "DRUGA LIGA SRBIJE-GRUPA VOJVODINA 2018"]
[Site "Novi Sad"]
[Date "2018.11.09"]
[Round "1.5"]
[White "Vranic, Ljubomir"]
[Black "Sukovic, Srdjan"]
[Result "1-0"]
[WhiteElo "2227"]
[BlackElo "2015"]
[PlyCount "63"]
[EventDate "2018.11.09"]
[WhiteTeam "S.K. SENTA-SENTA"]
[BlackTeam "S.K. BUDUCNOST-SRPSKA CRNJA"]

1. d4 d5 2. c4 e6 3. Nc3 Nf6 4. Nf3 Be7 5. Bg5 h6 6. Bh4 O-O 7. e3 Nbd7 8. Rc1
Re8 9. Bd3 dxc4 10. Bxc4 b6 11. O-O Bb7 12. Qe2 Ne4 13. Bxe7 Rxe7 14. Rfd1 Rc8
15. Ba6 Bxa6 16. Qxa6 Nxc3 17. Rxc3 Nc5 18. Qe2 Ne4 19. Ra3 a5 20. Ne5 Qd6 21.
Qc2 Nf6 22. Nc6 Rd7 23. Rc1 Nd5 24. Ra4 Re8 25. a3 h5 26. Rc4 f5 27. Ne5 Rdd8
28. Qe2 Rf8 29. Qxh5 Rf6 30. Rc6 Qe7 31. Ng6 Qd7 32. Qh8+ 1-0

[Event "DRUGA LIGA SRBIJE-GRUPA VOJVODINA 2018"]
[Site "Novi Sad"]
[Date "2018.11.09"]
[Round "1.5"]
[White "Santrac, Bozo"]
[Black "Nagy, Attila N"]
[Result "0-1"]
[WhiteElo "1968"]
[BlackElo "2241"]
[PlyCount "132"]
[EventDate "2018.11.09"]
[WhiteTeam "S.K. BUDUCNOST-SRPSKA CRNJA"]
[BlackTeam "S.K. SENTA-SENTA"]

1. e4 c5 2. Nc3 Nc6 3. g3 g6 4. Bg2 Bg7 5. d3 d6 6. f4 e6 7. Nf3 Nge7 8. O-O
O-O 9. h4 Nd4 10. Ne2 Bd7 11. Nexd4 cxd4 12. Rf2 Rc8 13. b3 Qa5 14. Bb2 e5 15.
a4 Bg4 16. Qe1 Qxe1+ 17. Nxe1 Rfd8 18. Kh2 Rc7 19. Ba3 f5 20. fxe5 dxe5 21. a5
Bh6 22. Bxe7 Rxe7 23. Bf3 Be3 24. Rf1 Rc8 25. exf5 Bxf5 26. g4 Be6 27. Bd1 Rf7
28. Rxf7 Kxf7 29. Ng2 Bd2 30. a6 b6 31. Ra2 Rc5 32. Kg3 Ra5 33. Rxa5 bxa5 34.
Bf3 Ke7 35. h5 g5 36. h6 Kf6 37. Be4 Bg8 38. Kf2 Bb4 39. Ne1 Bf8 40. Nf3 Bxh6
41. Nd2 Bf8 42. Nc4 Bb4 43. Kf3 h6 44. Bb7 Bf7 45. Nb6 h5 46. Nd5+ Ke6 47. Nb6
Be8 48. Be4 h4 49. Bf5+ Kf7 50. Nd7 Bd6 51. Nb6 Bb5 52. Nc4 Bc7 53. Bc8 Bc6+
54. Kf2 e4 55. Bb7 e3+ 56. Ke2 Bd7 57. Bf3 Bb5 58. Bb7 a4 59. bxa4 Bxa4 60. Na3
Bd7 61. Bf3 h3 62. c3 dxc3 63. Kxe3 h2 64. d4 Bxg4 65. Bg2 Bf5 66. Nb5 c2 0-1